000 00333 a2200157 4500
001 45165
020 _a
040 _cAnchieta - Aquarius
100 _aMuniz, Flávia
240 1 0 _aBrincadeira de saci
_lpor
245 1 0 _aBrincadeira de saci
300 _a
362 0 _a0
650 4 _aLiteratura infanto-juvenil
942 _cBK
999 _c45165
_d45165